[Event "30. Open Pula 2016"]
[Site "Pula CRO"]
[Date "2016.09.10"]
[Round "1.1"]
[White "Zufic, Miroslav"]
[Black "Ikica, Ante"]
[Result "1-0"]
[WhiteElo "2442"]
[BlackElo "1951"]
[PlyCount "55"]
[EventDate "2016.09.10"]
[EventType "swiss"]
[EventRounds "9"]
[EventCountry "CRO"]
[SourceTitle "Ajedrez en Madrid"]
[Source "lmi"]
[SourceDate "2016.09.10"]
[SourceVersion "1"]
[SourceVersionDate "2017.04.19"]
[SourceQuality "1"]

1. e4 e5 2. Nf3 d6 3. d4 exd4 4. Nxd4 Nf6 5. Nc3 c6 6. Bf4 Be7 7. Qd2 a5 8.
O-O-O Na6 9. f3 O-O 10. g4 d5 11. Bxa6 Rxa6 12. Nf5 Bxf5 13. gxf5 dxe4 14. Qe1
Qc8 15. fxe4 Bb4 16. Rg1 g6 17. Rd3 Re8 18. Qh4 Bxc3 19. bxc3 Nxe4 20. fxg6
hxg6 21. Rh3 Qxh3 22. Qxh3 c5 23. Qf3 Rae6 24. h4 b5 25. h5 b4 26. hxg6 fxg6
27. Be5 Nxc3 28. Bxc3 1-0

[Event "30. Open Pula 2016"]
[Site "Pula CRO"]
[Date "2016.09.10"]
[Round "1.2"]
[White "Karall, Lorenz"]
[Black "Fercec, Nenad"]
[Result "0-1"]
[WhiteElo "1950"]
[BlackElo "2441"]
[PlyCount "72"]
[EventDate "2016.09.10"]
[EventType "swiss"]
[EventRounds "9"]
[EventCountry "CRO"]
[SourceTitle "Ajedrez en Madrid"]
[Source "lmi"]
[SourceDate "2016.09.10"]
[SourceVersion "1"]
[SourceVersionDate "2017.04.19"]
[SourceQuality "1"]

1. d4 Nf6 2. Nf3 e6 3. c4 b6 4. g3 Ba6 5. Qc2 d5 6. cxd5 exd5 7. Bf4 Bd6 8. Ne5
O-O 9. Bg2 Re8 10. Nc3 c6 11. O-O Bb7 12. Rac1 Na6 13. a3 Nc7 14. Nd3 Ne6 15.
Be5 Bf8 16. Nf4 Ng5 17. Qf5 Nfe4 18. Nxe4 Nxe4 19. Nd3 g6 20. Qh3 Ng5 21. Qh4
f6 22. Nb4 Bxb4 23. axb4 fxe5 24. dxe5 Nf7 25. f4 Qxh4 26. gxh4 a5 27. b5 c5
28. Rcd1 Rad8 29. e3 Nh6 30. Bh3 Nf5 31. Kf2 Kg7 32. h5 Bc8 33. hxg6 hxg6 34.
Bg2 Be6 35. Rh1 Rh8 36. h3 d4 0-1

[Event "30. Open Pula 2016"]
[Site "Pula CRO"]
[Date "2016.09.10"]
[Round "1.3"]
[White "Srbis, Jurica"]
[Black "Marceta, Milan"]
[Result "1-0"]
[WhiteElo "2415"]
[BlackElo "1950"]
[PlyCount "63"]
[EventDate "2016.09.10"]
[EventType "swiss"]
[EventRounds "9"]
[EventCountry "CRO"]
[SourceTitle "Ajedrez en Madrid"]
[Source "lmi"]
[SourceDate "2016.09.10"]
[SourceVersion "1"]
[SourceVersionDate "2017.04.19"]
[SourceQuality "1"]

1. e4 e5 2. Nf3 Nc6 3. Bb5 a6 4. Ba4 Be7 5. O-O b5 6. Bb3 Nf6 7. Re1 d6 8. c3
Bg4 9. h3 Bh5 10. d3 O-O 11. Nbd2 Na5 12. Bc2 c5 13. Nf1 Nc6 14. Ng3 Bg6 15. a4
b4 16. Nh4 Qc7 17. Nhf5 Rad8 18. Qf3 d5 19. h4 bxc3 20. bxc3 d4 21. Nxe7+ Qxe7
22. h5 dxc3 23. hxg6 fxg6 24. Ra3 Nd4 25. Qd1 h5 26. Bg5 c4 27. Rxc3 Nxc2 28.
Qxc2 cxd3 29. Rxd3 Rxd3 30. Qxd3 Qb4 31. Rb1 Qxa4 32. Bxf6 1-0

[Event "30. Open Pula 2016"]
[Site "Pula CRO"]
[Date "2016.09.10"]
[Round "1.4"]
[White "Zagorsek, David"]
[Black "Loncar, Robert"]
[Result "0-1"]
[WhiteElo "1945"]
[BlackElo "2389"]
[PlyCount "54"]
[EventDate "2016.09.10"]
[EventType "swiss"]
[EventRounds "9"]
[EventCountry "CRO"]
[SourceTitle "Ajedrez en Madrid"]
[Source "lmi"]
[SourceDate "2016.09.10"]
[SourceVersion "1"]
[SourceVersionDate "2017.04.19"]
[SourceQuality "1"]

1. e4 e5 2. Nf3 Nc6 3. Bb5 a6 4. Ba4 Nf6 5. O-O b5 6. Bb3 Bb7 7. d4 Nxd4 8.
Bxf7+ Kxf7 9. Nxe5+ Kg8 10. Qxd4 d6 11. Qc3 Bxe4 12. Nd3 Qd7 13. f3 Bb7 14. a4
c5 15. axb5 axb5 16. Rxa8 Bxa8 17. Bg5 Nd5 18. Qa5 Bc6 19. Nc3 h6 20. Bd2 Nxc3
21. Qxc3 b4 22. Qb3+ Qf7 23. c4 Be7 24. Re1 Bh4 25. Re2 Qg6 26. Nf2 Kh7 27. Qd1
Bxf3 0-1

[Event "30. Open Pula 2016"]
[Site "Pula CRO"]
[Date "2016.09.10"]
[Round "1.5"]
[White "Hresc, Vladimir"]
[Black "Travin, Vladimir"]
[Result "1-0"]
[WhiteElo "2354"]
[BlackElo "1942"]
[PlyCount "49"]
[EventDate "2016.09.10"]
[EventType "swiss"]
[EventRounds "9"]
[EventCountry "CRO"]
[SourceTitle "Ajedrez en Madrid"]
[Source "lmi"]
[SourceDate "2016.09.10"]
[SourceVersion "1"]
[SourceVersionDate "2017.04.19"]
[SourceQuality "1"]

1. d4 d5 2. c4 e6 3. Nc3 Nf6 4. Bg5 Be7 5. Nf3 O-O 6. e3 h6 7. Bh4 c6 8. Rc1
Nbd7 9. a3 Ne8 10. Bg3 Bd6 11. c5 Bxg3 12. hxg3 f5 13. Bd3 Nef6 14. Bb1 Ne4 15.
b4 Qf6 16. Qb3 g5 17. b5 Rf7 18. a4 e5 19. Nxd5 cxd5 20. Qxd5 exd4 21. Ba2 dxe3
22. Rxh6 exf2+ 23. Kf1 Nxg3+ 24. Kxf2 Qxh6 25. Qxf7+ 1-0

[Event "30. Open Pula 2016"]
[Site "Pula CRO"]
[Date "2016.09.10"]
[Round "1.6"]
[White "Orel Music, Simona"]
[Black "Ostovic, Matija"]
[Result "0-1"]
[WhiteElo "1932"]
[BlackElo "2337"]
[PlyCount "79"]
[EventDate "2016.09.10"]
[EventType "swiss"]
[EventRounds "9"]
[EventCountry "CRO"]
[SourceTitle "Ajedrez en Madrid"]
[Source "lmi"]
[SourceDate "2016.09.10"]
[SourceVersion "1"]
[SourceVersionDate "2017.04.19"]
[SourceQuality "1"]

1. d4 Nf6 2. c4 g6 3. Nc3 d5 4. cxd5 Nxd5 5. e4 Nxc3 6. bxc3 Bg7 7. Bc4 O-O 8.
Ne2 c5 9. Be3 cxd4 10. cxd4 Qa5+ 11. Qd2 Qxd2+ 12. Bxd2 Nc6 13. Bc3 Rd8 14. Rd1
Bg4 15. f3 Bd7 16. O-O Rac8 17. Bb3 b6 18. Rfe1 Na5 19. Bxa5 bxa5 20. Rc1 Bb5
21. Rxc8 Rxc8 22. d5 a4 23. Bd1 Rc4 24. Kf2 Bh6 25. g3 Bd2 26. Rh1 a6 27. h4
Rb4 28. h5 Rb2 29. hxg6 hxg6 30. f4 Rxa2 31. Kf3 Ra3+ 32. Kg2 Bd3 33. Nd4 Bc3
34. Nc6 Bxe4+ 35. Bf3 Ra2+ 36. Kg1 Bxf3 37. Rh4 Bf6 38. Rh3 Bxd5 39. Na5 Bd4+
40. Kf1 0-1

[Event "30. Open Pula 2016"]
[Site "Pula CRO"]
[Date "2016.09.10"]
[Round "1.7"]
[White "Krsnik Cohar, Ivan Vihor"]
[Black "Becking, Franz Josef"]
[Result "1-0"]
[WhiteElo "2330"]
[BlackElo "1927"]
[PlyCount "76"]
[EventDate "2016.09.10"]
[EventType "swiss"]
[EventRounds "9"]
[EventCountry "CRO"]
[SourceTitle "Ajedrez en Madrid"]
[Source "lmi"]
[SourceDate "2016.09.10"]
[SourceVersion "1"]
[SourceVersionDate "2017.04.19"]
[SourceQuality "1"]

1. c4 e6 2. g3 d5 3. d4 Nf6 4. Nc3 c6 5. Bg2 Nbd7 6. e4 dxe4 7. Nge2 Be7 8. O-O
O-O 9. Nxe4 Nxe4 10. Bxe4 Nf6 11. Bg2 Bd6 12. b3 Qc7 13. Bg5 Be7 14. Qc2 h6 15.
Bf4 Bd6 16. Rfe1 Bxf4 17. Nxf4 b6 18. Rad1 Bb7 19. Nd3 Rad8 20. Qb2 Ba8 21. Ne5
c5 22. Bxa8 Rxa8 23. d5 exd5 24. cxd5 Rad8 25. Nc6 Rd7 26. Qe5 Qxe5 27. Rxe5
Re8 28. d6 Re6 29. Rxe6 fxe6 30. Ne5 Rd8 31. f4 Kf8 32. d7 g5 33. h3 gxf4 34.
gxf4 b5 35. Rd6 Ke7 36. Ra6 Ra8 37. Rc6 Rg8+ 38. Kf1 Rf8 1-0

[Event "30. Open Pula 2016"]
[Site "Pula CRO"]
[Date "2016.09.10"]
[Round "1.8"]
[White "Mrdjen, David"]
[Black "Molnar, Bela"]
[Result "0-1"]
[WhiteElo "1924"]
[BlackElo "2290"]
[PlyCount "54"]
[EventDate "2016.09.10"]
[EventType "swiss"]
[EventRounds "9"]
[EventCountry "CRO"]
[SourceTitle "Ajedrez en Madrid"]
[Source "lmi"]
[SourceDate "2016.09.10"]
[SourceVersion "1"]
[SourceVersionDate "2017.04.19"]
[SourceQuality "1"]

1. e4 c5 2. Nf3 Nc6 3. Nc3 g6 4. d4 cxd4 5. Nxd4 Bg7 6. Be3 Rb8 7. Be2 Nf6 8.
O-O O-O 9. f4 d6 10. Nxc6 bxc6 11. Rb1 Qa5 12. Kh1 Be6 13. Qd2 Rfd8 14. f5 Bc8
15. Bh6 Ba6 16. Bxg7 Kxg7 17. Bxa6 Qxa6 18. Rf3 Qc4 19. Rh3 Rxb2 20. Re1 Rbb8
21. Qh6+ Kg8 22. g4 Qd4 23. e5 dxe5 24. g5 Qf2 25. Rg1 Nh5 26. Ne4 Qxf5 27. Re1
Qxh3 0-1

[Event "30. Open Pula 2016"]
[Site "Pula CRO"]
[Date "2016.09.10"]
[Round "1.9"]
[White "Muskardin, Mario"]
[Black "Weber, Harald"]
[Result "1-0"]
[WhiteElo "2280"]
[BlackElo "1907"]
[PlyCount "53"]
[EventDate "2016.09.10"]
[EventType "swiss"]
[EventRounds "9"]
[EventCountry "CRO"]
[SourceTitle "Ajedrez en Madrid"]
[Source "lmi"]
[SourceDate "2016.09.10"]
[SourceVersion "1"]
[SourceVersionDate "2017.04.19"]
[SourceQuality "1"]

1. Nf3 Nf6 2. c4 c5 3. Nc3 Nc6 4. e3 e6 5. d4 d5 6. Bd3 dxc4 7. Bxc4 a6 8. a4
Na5 9. Ba2 b6 10. d5 exd5 11. Nxd5 Bb7 12. e4 Nxd5 13. exd5 Bd6 14. O-O O-O 15.
Ng5 f6 16. Ne6 Qd7 17. Nxf8 Rxf8 18. Bd2 Qc7 19. Qh5 g6 20. Qh4 Bc8 21. Rfe1
Bf5 22. Bh6 g5 23. Qh5 Bg6 24. Qh3 Rc8 25. Re6 Qf7 26. Rae1 c4 27. Rxd6 1-0

[Event "30. Open Pula 2016"]
[Site "Pula CRO"]
[Date "2016.09.10"]
[Round "1.10"]
[White "Ghersinich, Enrico"]
[Black "Glavas, Dragan"]
[Result "1/2-1/2"]
[WhiteElo "1906"]
[BlackElo "2274"]
[PlyCount "119"]
[EventDate "2016.09.10"]
[EventType "swiss"]
[EventRounds "9"]
[EventCountry "CRO"]
[SourceTitle "Ajedrez en Madrid"]
[Source "lmi"]
[SourceDate "2016.09.10"]
[SourceVersion "1"]
[SourceVersionDate "2017.04.19"]
[SourceQuality "1"]

1. e4 e6 2. d4 d5 3. Nd2 Nf6 4. e5 Nfd7 5. Bd3 c5 6. c3 Nc6 7. Ne2 cxd4 8. cxd4
f6 9. exf6 Qxf6 10. Nf3 h6 11. O-O Bd6 12. a3 O-O 13. Bc2 Rd8 14. Qd3 Nf8 15.
Nc3 Bd7 16. Re1 Be8 17. Bb3 Bg6 18. Qe3 Bh5 19. Ne5 Bxe5 20. dxe5 Qe7 21. Qg3
Nd4 22. Bd1 Bxd1 23. Rxd1 Nf5 24. Qg4 Rac8 25. Nxd5 Rxd5 26. Rxd5 h5 27. Qh3
exd5 28. Qxf5 Qc7 29. Bg5 Qc2 30. Qf3 Qe4 31. Qxe4 dxe4 32. Rc1 Rxc1+ 33. Bxc1
Kf7 34. f4 Ke6 35. Kf2 Kd5 36. h3 Ne6 37. f5 Nd4 38. f6 gxf6 39. exf6 Ke6 40.
Bg5 Nf5 41. g4 hxg4 42. hxg4 Nd6 43. Bh4 Nc4 44. g5 Ne5 45. b3 Kf7 46. Bg3 Ng4+
47. Ke2 a6 48. Kd2 Kg6 49. Kc3 Ne3 50. a4 Kf7 51. Kb4 Nf5 52. Be1 Nd4 53. Kc4
Nf3 54. Bc3 Nxg5 55. Kc5 e3 56. Kb6 Ne4 57. Be1 Kxf6 58. Kxb7 Nc5+ 59. Kb6 Nxb3
60. Kxa6 1/2-1/2

[Event "30. Open Pula 2016"]
[Site "Pula CRO"]
[Date "2016.09.10"]
[Round "1.11"]
[White "Zierke, Oliver"]
[Black "Rajter, Emil"]
[Result "1-0"]
[WhiteElo "2238"]
[BlackElo "1891"]
[PlyCount "77"]
[EventDate "2016.09.10"]
[EventType "swiss"]
[EventRounds "9"]
[EventCountry "CRO"]
[SourceTitle "Ajedrez en Madrid"]
[Source "lmi"]
[SourceDate "2016.09.10"]
[SourceVersion "1"]
[SourceVersionDate "2017.04.19"]
[SourceQuality "1"]

1. d4 Nf6 2. Nf3 e6 3. Bg5 c5 4. e3 Be7 5. Bd3 b6 6. O-O Bb7 7. c4 O-O 8. Nc3
h6 9. Bh4 cxd4 10. exd4 d5 11. Qe2 Nc6 12. cxd5 exd5 13. Rfe1 Re8 14. Qd2 Nb4
15. Bb5 Nd7 16. a3 Nc6 17. Bxe7 Nxe7 18. Ne5 Bc8 19. Qf4 Nxe5 20. Bxe8 N7g6 21.
Qg3 Qxe8 22. dxe5 Be6 23. Rad1 Ne7 24. Qd3 Qd7 25. Nb5 Nf5 26. Nd4 Nxd4 27.
Qxd4 Qe7 28. Rc1 Rd8 29. Rc3 Rd7 30. h3 g6 31. Rf3 Bf5 32. g4 Be4 33. Rc3 Rc7
34. Rec1 Qh4 35. e6 Rxc3 36. Rxc3 Qd8 37. f3 Bb1 38. e7 Qe8 39. Qe5 1-0

[Event "30. Open Pula 2016"]
[Site "Pula CRO"]
[Date "2016.09.10"]
[Round "1.12"]
[White "Lovric, Dino"]
[Black "Licardo, Renato"]
[Result "0-1"]
[WhiteElo "1879"]
[BlackElo "2215"]
[PlyCount "64"]
[EventDate "2016.09.10"]
[EventType "swiss"]
[EventRounds "9"]
[EventCountry "CRO"]
[SourceTitle "Ajedrez en Madrid"]
[Source "lmi"]
[SourceDate "2016.09.10"]
[SourceVersion "1"]
[SourceVersionDate "2017.04.19"]
[SourceQuality "1"]

1. f4 g5 2. d4 g4 3. e4 d5 4. e5 Bf5 5. c4 e6 6. Nc3 Bb4 7. a3 Bxc3+ 8. bxc3 c5
9. dxc5 Qa5 10. Qb3 dxc4 11. Qxc4 Nc6 12. Bd2 Rd8 13. Qb5 Qc7 14. O-O-O Nge7
15. h3 gxh3 16. Nxh3 Bg4 17. Be2 a6 18. Qc4 Bxe2 19. Qxe2 Na5 20. Be3 Nd5 21.
Bd4 Nb3+ 22. Kb2 Nxc5 23. Bxc5 Qxc5 24. Qc2 Rc8 25. Rxd5 Qxd5 26. Ng5 Qb5+ 27.
Kc1 Qc4 28. Ne4 Ke7 29. Nd6 Qxf4+ 30. Kb2 Rc5 31. Qb3 b5 32. Re1 Qd2+ 0-1

[Event "30. Open Pula 2016"]
[Site "Pula CRO"]
[Date "2016.09.10"]
[Round "1.13"]
[White "Barthel, Ansgar"]
[Black "Ghersinich, Giuseppe"]
[Result "1-0"]
[WhiteElo "2211"]
[BlackElo "1853"]
[PlyCount "63"]
[EventDate "2016.09.10"]
[EventType "swiss"]
[EventRounds "9"]
[EventCountry "CRO"]
[SourceTitle "Ajedrez en Madrid"]
[Source "lmi"]
[SourceDate "2016.09.10"]
[SourceVersion "1"]
[SourceVersionDate "2017.04.19"]
[SourceQuality "1"]

1. e4 e6 2. d4 d5 3. Nc3 Bb4 4. e5 Ne7 5. a3 Bxc3+ 6. bxc3 c5 7. Qg4 Ng6 8. h4
h5 9. Qg3 Nc6 10. Bd3 Nce7 11. Nf3 Nf5 12. Bxf5 exf5 13. O-O Bd7 14. Re1 Be6
15. dxc5 Rc8 16. Rb1 Rc7 17. Nd4 Qc8 18. Nb5 O-O 19. Nxc7 Qxc7 20. Be3 Qc6 21.
Rb4 Re8 22. Bd4 Ne7 23. Reb1 Rd8 24. Qg5 Ng6 25. Qxh5 f4 26. Qg5 f3 27. h5 Nf8
28. h6 Ng6 29. hxg7 fxg2 30. Qh6 Bc8 31. e6 Qxe6 32. Qh8+ 1-0

[Event "30. Open Pula 2016"]
[Site "Pula CRO"]
[Date "2016.09.10"]
[Round "1.14"]
[White "Zupevc, Saso"]
[Black "Fucak, Emilio Milko"]
[Result "0-1"]
[WhiteElo "1849"]
[BlackElo "2208"]
[PlyCount "39"]
[EventDate "2016.09.10"]
[EventType "swiss"]
[EventRounds "9"]
[EventCountry "CRO"]
[SourceTitle "Ajedrez en Madrid"]
[Source "lmi"]
[SourceDate "2016.09.10"]
[SourceVersion "1"]
[SourceVersionDate "2017.04.19"]
[SourceQuality "1"]

1. e4 e6 2. e5 d6 3. d4 dxe5 4. dxe5 Qxd1+ 5. Kxd1 Nc6 6. Bf4 Bc5 7. Bg3 Bd4 8.
c3 Bxe5 9. Bxe5 Nxe5 10. h3 Nf6 11. Nd2 Bd7 12. Ngf3 Ng6 13. Kc2 Bc6 14. Nd4
Be4+ 15. Kb3 c5 16. Bb5+ Ke7 17. N4f3 a6 18. Be2 Rhd8 19. Nxe4 Nxe4 20. Rhf1
0-1

[Event "30. Open Pula 2016"]
[Site "Pula CRO"]
[Date "2016.09.10"]
[Round "1.15"]
[White "Ciganovic, Nikola"]
[Black "Klement, Ottomar"]
[Result "1-0"]
[WhiteElo "2206"]
[BlackElo "1844"]
[PlyCount "39"]
[EventDate "2016.09.10"]
[EventType "swiss"]
[EventRounds "9"]
[EventCountry "CRO"]
[SourceTitle "Ajedrez en Madrid"]
[Source "lmi"]
[SourceDate "2016.09.10"]
[SourceVersion "1"]
[SourceVersionDate "2017.04.19"]
[SourceQuality "1"]

1. e4 c5 2. Nf3 e6 3. d4 cxd4 4. Nxd4 Nc6 5. Nc3 Bb4 6. Ndb5 Nge7 7. Nd6+ Bxd6
8. Qxd6 a6 9. Be3 O-O 10. O-O-O b5 11. Kb1 f5 12. Bd3 fxe4 13. Bxe4 Nf5 14.
Bxf5 exf5 15. Nd5 Kh8 16. Bc5 a5 17. Qxf8+ Qxf8 18. Bxf8 Bb7 19. Bc5 Ne5 20.
Rhe1 1-0

[Event "30. Open Pula 2016"]
[Site "Pula CRO"]
[Date "2016.09.10"]
[Round "1.16"]
[White "Ahlstrom, Per"]
[Black "Thuesen, Mogens"]
[Result "0-1"]
[WhiteElo "1839"]
[BlackElo "2196"]
[PlyCount "44"]
[EventDate "2016.09.10"]
[EventType "swiss"]
[EventRounds "9"]
[EventCountry "CRO"]
[SourceTitle "Ajedrez en Madrid"]
[Source "lmi"]
[SourceDate "2016.09.10"]
[SourceVersion "1"]
[SourceVersionDate "2017.04.19"]
[SourceQuality "1"]

1. e4 e6 2. d4 d5 3. Nc3 Nf6 4. Bg5 Bb4 5. e5 h6 6. Bc1 Ne4 7. Qg4 g6 8. Bd3
Nxc3 9. Bd2 Nxa2 10. c3 Nxc3 11. bxc3 Be7 12. h4 c5 13. Rh3 c4 14. Bc2 Kd7 15.
Ne2 Kc7 16. Rf3 Qg8 17. h5 g5 18. Rg3 Bd7 19. f4 Nc6 20. Qf3 b5 21. fxg5 Bxg5
22. Nf4 Bh4 0-1

[Event "30. Open Pula 2016"]
[Site "Pula CRO"]
[Date "2016.09.10"]
[Round "1.17"]
[White "Mis, Mieszko"]
[Black "Volejnik, Robertino"]
[Result "1-0"]
[WhiteElo "2194"]
[BlackElo "1830"]
[PlyCount "61"]
[EventDate "2016.09.10"]
[EventType "swiss"]
[EventRounds "9"]
[EventCountry "CRO"]
[SourceTitle "Ajedrez en Madrid"]
[Source "lmi"]
[SourceDate "2016.09.10"]
[SourceVersion "1"]
[SourceVersionDate "2017.04.19"]
[SourceQuality "1"]

1. c4 c5 2. g3 g6 3. Bg2 Bg7 4. Nc3 Nc6 5. Nf3 e5 6. O-O Nge7 7. d3 O-O 8. a3
d6 9. Rb1 a5 10. Nd5 Rb8 11. Bd2 b5 12. cxb5 Rxb5 13. Qa4 Ba6 14. Nxe7+ Nxe7
15. b4 Qb6 16. bxc5 dxc5 17. Rxb5 Qxb5 18. Qxb5 Bxb5 19. Rc1 e4 20. Ne1 exd3
21. Rxc5 dxe2 22. Rxb5 Rd8 23. Bxa5 Rd1 24. Rb8+ Bf8 25. Bf3 Kg7 26. Bxe2 Rc1
27. Kg2 Nc6 28. Rc8 Bxa3 29. Bd2 Rc5 30. Be3 Rc3 31. Bf3 1-0

[Event "30. Open Pula 2016"]
[Site "Pula CRO"]
[Date "2016.09.10"]
[Round "1.18"]
[White "Hrdina, Karl"]
[Black "Voscilla, Adriano"]
[Result "0-1"]
[WhiteElo "1829"]
[BlackElo "2186"]
[PlyCount "82"]
[EventDate "2016.09.10"]
[EventType "swiss"]
[EventRounds "9"]
[EventCountry "CRO"]
[SourceTitle "Ajedrez en Madrid"]
[Source "lmi"]
[SourceDate "2016.09.10"]
[SourceVersion "1"]
[SourceVersionDate "2017.04.19"]
[SourceQuality "1"]

1. d4 f5 2. Bg5 g6 3. e3 Bg7 4. Nf3 c5 5. c3 Qb6 6. Qc2 Nf6 7. Nbd2 O-O 8. Bc4+
Kh8 9. O-O Nc6 10. Rad1 d6 11. h3 e5 12. dxe5 dxe5 13. Bb3 Qc7 14. e4 b5 15.
Bxf6 Bxf6 16. Bd5 Rb8 17. b3 Ne7 18. c4 b4 19. Rfe1 f4 20. Qd3 g5 21. Nh2 Qd8
22. Ng4 Bg7 23. Nf3 Ng6 24. Bc6 Qxd3 25. Rxd3 h5 26. Ngh2 g4 27. hxg4 hxg4 28.
Rd6 Ne7 29. Nh4 Bf6 30. g3 Rb6 31. Rxf6 Rxf6 32. Bd5 Ra6 33. Re2 Ra3 34. gxf4
exf4 35. e5 Rh6 36. Ng2 f3 37. Re4 fxg2 38. Nxg4 Bxg4 39. Rxg4 Rxa2 40. Kxg2
Rg6 41. Rxg6 Nxg6 0-1

[Event "30. Open Pula 2016"]
[Site "Pula CRO"]
[Date "2016.09.10"]
[Round "1.19"]
[White "Jurman, Roberto"]
[Black "Dvornitzky, Beatrix"]
[Result "1/2-1/2"]
[WhiteElo "2186"]
[BlackElo "1816"]
[PlyCount "79"]
[EventDate "2016.09.10"]
[EventType "swiss"]
[EventRounds "9"]
[EventCountry "CRO"]
[SourceTitle "Ajedrez en Madrid"]
[Source "lmi"]
[SourceDate "2016.09.10"]
[SourceVersion "1"]
[SourceVersionDate "2017.04.19"]
[SourceQuality "1"]

1. c4 c6 2. Nf3 Nf6 3. g3 g6 4. Bg2 Bg7 5. O-O O-O 6. b3 d5 7. Bb2 dxc4 8. bxc4
c5 9. Nc3 Nc6 10. d3 Bg4 11. h3 Bd7 12. Rb1 Rc8 13. Nd2 b6 14. g4 Nd4 15. e3
Ne6 16. Nd5 Nxd5 17. cxd5 Nc7 18. Bxg7 Kxg7 19. Qc2 f5 20. gxf5 Rxf5 21. f4
Nxd5 22. e4 Ne3 23. Qc3+ Rf6 24. e5 Re6 25. Be4 Bc6 26. Rfe1 Nf5 27. Nf3 Bxe4
28. dxe4 Nd4 29. Rbd1 Ne2+ 30. Rxe2 Qxd1+ 31. Kf2 Rd8 32. Rd2 Rxd2+ 33. Nxd2
Qh1 34. Nf3 Qb1 35. Qc4 Qb2+ 36. Kg3 Rc6 37. Ng5 e6 38. Qa6 Qc3+ 39. Kf2 Qd2+
40. Kf3 1/2-1/2

[Event "30. Open Pula 2016"]
[Site "Pula CRO"]
[Date "2016.09.10"]
[Round "1.20"]
[White "Bessarab, Vsevolod"]
[Black "Kljako, Damir"]
[Result "0-1"]
[WhiteElo "1781"]
[BlackElo "2157"]
[PlyCount "80"]
[EventDate "2016.09.10"]
[EventType "swiss"]
[EventRounds "9"]
[EventCountry "CRO"]
[SourceTitle "Ajedrez en Madrid"]
[Source "lmi"]
[SourceDate "2016.09.10"]
[SourceVersion "1"]
[SourceVersionDate "2017.04.19"]
[SourceQuality "1"]

1. e4 g6 2. d4 Bg7 3. Nc3 d6 4. Bc4 Nc6 5. Be3 e5 6. Nge2 Nf6 7. f3 a6 8. Bb3
O-O 9. Qd2 Re8 10. d5 Na5 11. g4 b5 12. Ng3 Nd7 13. Nce2 Nc4 14. Bxc4 bxc4 15.
h4 Rb8 16. b3 cxb3 17. axb3 Nf8 18. h5 Qd7 19. hxg6 fxg6 20. Bh6 Re7 21. Kf2
Rf7 22. Kg2 c6 23. Rad1 Bxh6 24. Rxh6 c5 25. Rdh1 Rb4 26. Rb1 Qb7 27. Qd1 Bd7
28. c3 Rb6 29. Qc2 Qb8 30. Rhh1 Bc8 31. Nf1 a5 32. Nd2 Ba6 33. c4 Bc8 34. Ra1
Ra7 35. Nc3 Bd7 36. Rab1 Qd8 37. Kg3 Qg5 38. Rhf1 h5 39. Qd1 Nh7 40. f4 exf4+
0-1

[Event "30. Open Pula 2016"]
[Site "Pula CRO"]
[Date "2016.09.11"]
[Round "2.1"]
[White "Kozak, Antoni"]
[Black "Zufic, Miroslav"]
[Result "1-0"]
[WhiteElo "2105"]
[BlackElo "2442"]
[PlyCount "77"]
[EventDate "2016.09.10"]
[EventType "swiss"]
[EventRounds "9"]
[EventCountry "CRO"]
[SourceTitle "Ajedrez en Madrid"]
[Source "lmi"]
[SourceDate "2016.09.10"]
[SourceVersion "1"]
[SourceVersionDate "2017.04.19"]
[SourceQuality "1"]

1. e4 c5 2. Nf3 d6 3. Bb5+ Nd7 4. d4 a6 5. Bxd7+ Bxd7 6. O-O cxd4 7. Qxd4 e5 8.
Qd3 Rc8 9. b3 b5 10. Rd1 Qc7 11. c3 Qb7 12. Ba3 Rc6 13. Nxe5 dxe5 14. Bxf8 Kxf8
15. Qxd7 Qxd7 16. Rxd7 g6 17. f3 Kg7 18. Rd3 Nf6 19. Na3 h5 20. c4 Rb8 21. Rad1
Rbb6 22. Rd8 h4 23. Kf2 Nh5 24. g3 hxg3+ 25. hxg3 Nf6 26. g4 Kh6 27. Rf8 Rb7
28. Rdd8 Kg5 29. Ke3 b4 30. Nc2 a5 31. Ra8 a4 32. Rxa4 Rd6 33. Nxb4 Rd1 34. Nd5
Nh7 35. Re8 f6 36. c5 Rc1 37. Rc4 Rxc4 38. bxc4 Ra7 39. c6 1-0

[Event "30. Open Pula 2016"]
[Site "Pula CRO"]
[Date "2016.09.11"]
[Round "2.2"]
[White "Fercec, Nenad"]
[Black "Mestek, Igor"]
[Result "1-0"]
[WhiteElo "2441"]
[BlackElo "2110"]
[PlyCount "63"]
[EventDate "2016.09.10"]
[EventType "swiss"]
[EventRounds "9"]
[EventCountry "CRO"]
[SourceTitle "Ajedrez en Madrid"]
[Source "lmi"]
[SourceDate "2016.09.10"]
[SourceVersion "1"]
[SourceVersionDate "2017.04.19"]
[SourceQuality "1"]

1. e4 c6 2. d4 Na6 3. Nf3 g6 4. h3 Bg7 5. Nc3 Nc7 6. d5 Nf6 7. Be2 d6 8. O-O
O-O 9. a4 c5 10. Nd2 b6 11. Nc4 Ba6 12. Bg5 Bxc4 13. Bxc4 Nd7 14. f4 a6 15. Qd3
Ra7 16. Bh4 Nf6 17. e5 Nfe8 18. Rae1 f6 19. exf6 Bxf6 20. Bxf6 exf6 21. f5 Kg7
22. Re3 Qd7 23. Rfe1 Rf7 24. fxg6 hxg6 25. Re6 Ra8 26. Ne2 b5 27. Nf4 bxc4 28.
Qxg6+ Kf8 29. Qh6+ Kg8 30. Ng6 Rg7 31. Re7 Rxe7 32. Nxe7+ 1-0

[Event "30. Open Pula 2016"]
[Site "Pula CRO"]
[Date "2016.09.11"]
[Round "2.3"]
[White "Schaffert, Walter"]
[Black "Srbis, Jurica"]
[Result "0-1"]
[WhiteElo "2099"]
[BlackElo "2415"]
[PlyCount "84"]
[EventDate "2016.09.10"]
[EventType "swiss"]
[EventRounds "9"]
[EventCountry "CRO"]
[SourceTitle "Ajedrez en Madrid"]
[Source "lmi"]
[SourceDate "2016.09.10"]
[SourceVersion "1"]
[SourceVersionDate "2017.04.19"]
[SourceQuality "1"]

1. e4 c5 2. Nf3 g6 3. d4 cxd4 4. Qxd4 Nf6 5. Nc3 Nc6 6. Qa4 d6 7. e5 dxe5 8.
Nxe5 Bd7 9. Nxd7 Qxd7 10. Be3 Bg7 11. Rd1 Qc8 12. Be2 O-O 13. O-O a6 14. h3 b5
15. Qb3 Rb8 16. Rfe1 Qc7 17. Nd5 Nxd5 18. Rxd5 e6 19. Rc5 Qd6 20. c3 Rfc8 21.
Rd1 Qe7 22. a4 Bf8 23. axb5 Qb7 24. Rg5 Be7 25. Rg4 axb5 26. Bf3 Qc7 27. Bxc6
Qxc6 28. Rgd4 Bc5 29. R4d3 Bxe3 30. Rxe3 Rd8 31. Red3 Rxd3 32. Rxd3 Qe4 33. Qd1
Kg7 34. Rd4 Qe5 35. Rd7 Qf5 36. Qd6 Ra8 37. Qd2 Ra1+ 38. Kh2 Rf1 39. f3 Qe5+
40. f4 Rxf4 41. Kg1 Re4 42. Kf1 Qh2 0-1